00997nam a2200241 a 450000100100000000500170001000800410002704000250006808200190009310000540011224501480016626000380031430000280035250000630038050000420044365000460048565000250053165000270055665000290058304900090061295201170062199900170073800001068120260212124324.0091009s1986 dr a 001 0 spa d aDO-SdBNPbspacBNPHU a616.951bP438e1 aPérez Martínez, Ramón Albertod1955-92586510aEnfermedades sexualmente transmitidas :bproblemas de salud pública enfoque clínico-epidemiológico /cRamón Alberto Pérez Martínez. aSanto Domingo :bCorripio,c1986. a217 p. :bil. ;c22 cm. aIncluye datos biográficos del autor en la contracubierta aIncluye notas al pie de las páginas 0aEnfermedades de transmisión sexual9911 0aEpidemiología9488 0aSalud pública956565 0aProblemas sociales99290 aBNPD 0010718PDaPDbPDcCTd2009-10-09iLF1l0o616.951 P438ep10681-10r2020-06-25w2020-06-25yLFPDZNo se presta c10436d10436